000 00688nam a2200241Ia 4500
003 GCL
008 140319s9999 xx 000 0 ara d
040 _aGCL /
_cGCL
082 0 4 _a323.44
_bم ح
100 1 _aمحمد ابراهيم
245 1 0 _aالحرية /
_cمحمد ابراهيم
700 1 _aعبدالكريم احمد
700 1 _aميل , جون ستيوارت
300 _a347 ص
490 _aالالف كتاب
_v0
650 0 4 _aالسياسة
650 0 4 _aالحقوق المدنية
650 0 4 _aالحرية
650 0 4 _aالحكم النيابى
650 0 4 _aالحرية السياسية
650 0 4 _aحرية التعبير
942 _2ddc
_cBK
999 _c45252
_d45252